| Tag |
First Indicator |
Second Indicator |
Subfields |
| LEADER |
00000cam a22000008a 4500 |
| 001 |
in00000013428 |
| 005 |
20151007052452.0 |
| 008 |
870817s1987 gw a b 00100 eng |
| 010 |
|
|
|a 87060727
|
| 020 |
|
|
|a 0029488818
|
| 035 |
|
|
|a (OCoLC)16581122
|
| 035 |
|
|
|9 AAA7915AM
|
| 040 |
|
|
|a DLC
|c DLC
|d TXA
|d UtOrBLW
|
| 049 |
|
|
|a TXAM
|c [A11028806]
|
| 050 |
0 |
0 |
|a TP248.25.C44
|b L37 1987
|
| 082 |
0 |
|
|a 660/.6
|2 19
|
| 245 |
0 |
0 |
|a Large scale cell culture technology /
|c edited by Bjorn K. Lydersen.
|
| 263 |
|
|
|a 8801
|
| 264 |
|
1 |
|a Munich ;
|a New York :
|b Hanser Publishers ;
|c [1987]
|
| 264 |
|
2 |
|a New York :
|b Distributed in the U.S.A. by Macmillan Pub. Co.,
|
| 264 |
|
4 |
|c ©1987
|
| 300 |
|
|
|a x, 252 pages :
|b illustrations
|
| 336 |
|
|
|a text
|b txt
|2 rdacontent
|
| 337 |
|
|
|a unmediated
|b n
|2 rdamedia
|
| 338 |
|
|
|a volume
|b nc
|2 rdacarrier
|
| 504 |
|
|
|a Includes bibliographies and index.
|
| 650 |
|
0 |
|a Cell culture
|x Industrial applications.
|
| 650 |
|
0 |
|a Biotechnology.
|
| 700 |
1 |
|
|a Lydersen, Bjorn K.
|
| 999 |
|
|
|a MARS
|
| 999 |
f |
f |
|s 76a5ceef-4ba6-3f99-bc4e-fd1ca8cae236
|i f0a90647-29df-3b10-83c9-2488590938a8
|t 0
|
| 952 |
f |
f |
|p ric
|a Texas A&M University
|b Rellis Campus
|c Joint Library Facility
|d Remote Storage
|t 0
|e TP248.25.C44 L37 1987
|h Library of Congress classification
|i unmediated -- volume
|m A14811028806
|
| 998 |
f |
f |
|a TP248.25.C44 L37 1987
|t 0
|l Remote Storage
|